Sports Quiz

Random Sports Quiz

Red Sox Players 2014 Quiz Stats

 Plays Quiz not verified by Sporcle

Challenge
Share
Tweet
Embed
Score 0/55 Timer 10:00
0 Plays Today
Position Player % Correct
2BDustin Pedroia
98.4%
1BMike Napoli
96.8%
SPJon Lester
95.2%
RPKoji Uehara
95.2%
SPJohn Lackey
93.5%
DH-1BDavid Ortiz
93.5%
OFJackie Bradley, Jr.
90.3%
SS-3BXander Bogaerts
88.7%
3BWill Middlebrooks
88.7%
SPClay Buchholz
87.1%
SSStephen Drew
85.5%
CDavid Ross
85.5%
LFYoenis Cespedes
83.9%
CA.J. Pierzynski
80.6%
RFShane Victorino
80.6%
OFJonny Gomes
79%
OF-1BDaniel Nava
79%
RPJunichi Tazawa
77.4%
OFMookie Betts
75.8%
UTBrock Holt
74.2%
SPJake Peavy
74.2%
LFAllen Craig
69.4%
SPRubby De La Rosa
69.4%
CChristian Vazquez
69.4%
PBrandon Workman
67.7%
PFelix Doubront
66.1%
RPAndrew Miller
62.9%
SPAllen Webster
61.3%
Position Player % Correct
RPCraig Breslow
58.1%
SPJoe Kelly
58.1%
UTMike Carp
54.8%
UTKelly Johnson
53.2%
OFRusney Castillo
50%
2BJemile Weeks
50%
RPDrake Britton
45%
RPEdward Mujica
43.5%
SPAnthony Ranaudo
43.5%
3BGarin Cecchini
41.9%
IFJonathan Herrera
41.9%
RPAlex Wilson
41.9%
PMatt Barnes
40%
OFBryce Brentz
40%
OFGrady Sizemore
38.7%
CDan Butler
35.5%
1BRyan Lavarnway
35.5%
PEdwin Escobar
35%
RPSteven Wright
33.9%
RPBurke Badenhop
30.6%
3BCarlos Rivero
30%
OFCorey Brown
29%
RPTommy Layne
27.4%
RFAlex Hassan
24.2%
3BRyan Roberts
24.2%
RPChris Capuano
22.6%
RPHeath Hembree
14.5%

You're not logged in!

Compare scores with friends on all Sporcle quizzes.
Join for Free
OR
Log In

You Might Also Like...

Show Comments

Extras

Created Aug 19, 2014SourceReportNominate
Tags:2014, player, red, uniform

Top Quizzes Today


Score Distribution

Your Account Isn't Verified!

In order to create a playlist on Sporcle, you need to verify the email address you used during registration. Go to your Sporcle Settings to finish the process.

Report this User

Report this user for behavior that violates our Community Guidelines.

Details: